=LDR 00000nam 2200000 4500 =001 INLIS000000000024006 =005 20200819090440 =035 ##$$a 0010-061300000024006 =008 200819################g##########0#ind## =041 ##$$a Ind =082 ##$$a 2X9.11 =090 ##$$a 2x9.11, Yas m =100 ##$$a Yasien, Asy Syaikh Khalil =245 1#$$a Muhammad di mata cendikiawan barat, /$c Asy Syaikh Khalil Yasien; Penerjemah, H. Salim Basyarahil =260 ##$$a Jakarta :$b Gema Insani,$c 1993 =300 ##$$a 248 hlm ; $c 18 x 12 cm =650 #4$$a Nabi Muhammad SAW - Keperibadian =850 ##$$a NBPNMAT =020 ##$$a 979-561-096-1 =084 ##$$a 2X9.11 YAS m =990 ##$$a 40.258/pro-91 =990 ##$$a 75.852/pro-94 =990 ##$$a 75.852/pro94-95 =990 ##$$a 40.256/pro-91 =990 ##$$a 40.257/pro-91 =990 ##$$a 68.399/pro-45-95 =990 ##$$a 75.851/pro.99 =990 ##$$a 00044479 =990 ##$$a 114.119/pro-97